Statistics for Five Most Elevated Capital Cities by Continent

Click here to take the quiz!

General Stats

  • This quiz has been taken 141 times
  • The average score is 19 of 30

Answer Stats

Continent Altitude Capital City % Correct
Europe1,778Bern
92%
Oceania66Wellington
91%
South America9,350Quito
90%
South America8,612Bogotá
87%
Oceania1,985Canberra
87%
Asia4,593Kathmandu
87%
South America11,942La Paz
85%
North America7,350Mexico City
84%
North America5,016Guatemala City
80%
South America3,540Brasilia
77%
Africa5,889Nairobi
76%
Europe3,356Andorra la Vella
72%
North America3,250Tegucigalpa
72%
Europe2,188Madrid
71%
North America3,760San José
67%
Africa7,726Addis Ababa
67%
Asia5,873Kabul
65%
North America2,159San Salvador
65%
Oceania128Port Moresby
65%
Asia8,688Thimphu
64%
South America9,022Sucre
59%
Asia4,429Ulaanbaatar
58%
Oceania95Honiara
44%
Africa7,628Asmara
39%
Africa5,489Maseru
39%
Europe1,699Sarajevo
35%
Europe1,900Sofia
29%
Oceania678Palikir
27%
Africa5,646Windhoek
24%
Asia7,382Sana'a
22%

Score Distribution

Percentile by Number Answered

Percent of People with Each Score

Your Score History

You have not taken this quiz